| 000 | 00000nam##2200000za#4500 |
| 001 | 9.632878 |
| 003 | CaOODSP |
| 005 | 20210624215036 |
| 007 | cr ||||||||||| |
| 008 | 150407|2000||||xxc|||||o f|0| 0 fre|d |
| 040 | |aCaOODSP|bfre |
| 043 | |an-cn--- |
| 086 | 1 |aSW21-62/2000F-PDF |
| 110 | 1 |aCanada. |bCondition féminine Canada. |
| 245 | 13|aLe Canada et le mariage de Philippines par correspondance : |h[ressource électronique]|bla nouvelle frontière / |cPhilippine Women Centre of British Columbia. |
| 260 | |aOttawa - Ontario : |bCondition féminine Canada |c2000. |
| 300 | |a103p.|bglossaire |
| 500 | |a«Quarante Philippines mariées par correspondance dans cinq provinces du Canada ont participé à cette étude, qui reposait à la fois sur des méthodes de recherche-action participative et sur des techniques d'interview. En permettant aux femmes de partager leurs expériences, nous avons pu dégager un tableau plus net de leur situation socio-économique globale au Canada. A partir d'une analyse de la situation, l'étude formule des recommandations et propose des mesures de changement concernant l'élaboration de politiques visant à améliorer leur situation.»--Sommaire. |
| 500 | |aLe n° de catalogue et ISBN de l'édition imprimée 2000 à été imprimé dans cette édition électronique. |
| 504 | |aBibliographie. |
| 520 | 3 |aQuarante Philippines mariées par correspondance dans cinq provinces du Canada ont participé à cette étude, qui reposait à la fois sur des méthodes de recherche-action participative et sur des techniques d'interview. En permettant aux femmes de partager leurs expériences, nous avons pu dégager un tableau plus net de leur situation socio-économique globale au Canada. A partir d'une analyse de la situation, l'étude formule des recommandations et propose des mesures de changement concernant l'élaboration de politiques visant à améliorer leur situation.--Sommaire |
| 590 | |a06-10-Supp|b2006-12-15 |
| 691 | 07|aCondition de la femme|2gcpds |
| 691 | 07|aImmigrant|2gcpds |
| 691 | 07|aMariage|2gcpds |
| 691 | 07|aViolence familiale|2gcpds |
| 710 | 2 |aPhilippine Women Centre of British Columbia. |
| 775 | 08|tCanada - the new frontier for Filipino mail-order brides / |w(CaOODSP)9.688453 |
| 776 | 0#|tCanada: the new frontier for Filipino mail-order brides : |w(CaOODSP)9.662243 |
| 776 | 0#|tLe Canada et le mariage de Philippines par correspondance : |w(CaOODSP)9.662244 |
| 856 | 40|ahttp://publications.gc.ca|qPDF|s611 Ko|uhttps://publications.gc.ca/collections/Collection/SW21-62-2000F.pdf |